[Event "Dortmund2"]
[Site "Dortmund"]
[Date "2003.05.16"]
[Round "10"]
[White "Beckers, Juergen"]
[Black "Heckers, Uwe"]
[Result "1/2-1/2"]
[WhiteElo "1321"]
[BlackElo "1353"]
[PlyCount "45"]
[EventDate "2003.03.26"]
[EventType "tourn"]
[EventRounds "13"]
[EventCountry "GER"]
[SourceTitle "EXT 2007"]
[Source "ChessBase"]
[SourceDate "2006.11.23"]
[SourceVersion "1"]
[SourceVersionDate "2006.11.23"]
[SourceQuality "1"]

1. e4 e6 2. d4 d5 3. e5 c5 4. Bb5+ Bd7 5. Bxd7+ Qxd7 6. c3 Nc6 7. Nf3 Nge7 8. Be3 Nf5 9. 0-0 cxd4 10. Nxd4 Nxe3 11. fxe3 Nxe5 12. Nd2 Bc5 13. N2f3 Nxf3+ 14. Rxf3 0-0 15. Qc2 Rac8 16. Raf1 b5 17. Qd3 a6 18. Kh1 e5 19. Qf5 Qxf5 20. Nxf5 f6 21. b4 Bb6 22. Ne7+ Kh8 23. Nxd5 1/2-1/2